000 00849nam a2200301 a 4500
003 AR-BaBNM
005 20251128210216.0
008 082120s2002 ||||||||||||||000 | spa||
020 _a970-05-0339-9
040 _cAR-BaBNM
100 1 _aLondero, Eleanor
245 0 0 _aCollins Pocket
_bitaliano : español-italiano, italiano-spagnolo
260 _aMéxico, D.F.
_bGrijalbo
_c1997
300 _aviii, 416 p.
500 _aIncluye introducción, abreviaturas, transcripción fonética y pronunciación al comienzo del volumen
650 4 _aDICCIONARIOS
650 4 _aLENGUAS ROMANCES
650 4 _aITALIANO
650 4 _aESPAÑOL
650 4 _aLENGUA EXTRANJERA
650 4 _aGRAMATICA
650 4 _aLEXICOGRAFIA
650 4 _aLENGUAS
655 _aREFERENCIA
700 1 _aFerraguti, Giovanna
942 _cBK
998 _claura
999 _c14511
_d14511